000 00831nam a2200253 i 4500
001 83177
003 ES-MaACL
005 20250729015732.0
007 t|
008 041115s1998 sp ||||1| spa d
080 _a02
245 0 0 _aManual de biblioteconomía /
_cLuisa Orera Orera (editora).
250 _a2ª reimp.
260 _aMadrid :
_bSíntesis,
_c1998.
300 _a509 p. ;
_c23 cm.
490 1 _aCiencias de la información. Biblioteconomía y documentación ;
_v12
650 0 7 _aBiblioteconomía
_2embne
_910554
700 1 _aOrera Orera, Luisa.
_9149618
830 0 _aCiencias de la información. Biblioteconomía y documentación ;
_v12
_9183792
852 _aES-MaACL
_jL-2169 ;
852 _aES-MaACL
_jA-15067
_986240
_b125726
_cDEPO1
_dOlim: 02 man
942 _2udc
999 _c83177
_d83177